00293nam a2200109Ia 4500008004100000100002600041245005600067260002600123650001000149942000700159999001700166190216s9999||||xx |||||||||||||| ||und|| aMinistry Of Education 0aHindi-Hindi Words Coommon To Other Indian Languages bMinistry Of Education aHindi cBK c15566d15566